000 00667nam a22002057a 4500
003 OSt
005 20250924135421.0
008 211125b ||||| |||| 00| 0 eng d
040 _cDDC
082 _a651.26 NOR 2001
100 _a Norris, Mark; Steve West
_915431
245 _aeBusiness Essentials :
_btechnology and network requirements for mobile and online markets
260 _a New York ;
_bJohn. Wiley,
_cc2001
300 _a xiii, 336 p. :
_bill. ;
_c23 cm
504 _aIncludes bibliographical references, & index.
650 _aTelecommunication.
_913805
650 _aElectronic commerce -
_915432
650 _amobile
_915433
942 _2ddc
_cO_SHELF
999 _c7538
_d7538